On This Day: March 29th II Quiz Stats

 Plays Quiz Updated Mar 29, 2018

Score 0/7 Timer 03:00
1 Play Today
Question Answer Wrong Answers
This nation invokes Article 50 of the Treaty on European Union, beginning their formal withdrawal process.
2017
United Kingdom
89.3%
Germany
4.3%
France
2.5%
Spain
2.1%
This famous London concert hall, named for the late prince consort, is opened by Queen Victoria.
1871
Royal Albert Hall
88.4%
Royal Edward Hall
5.8%
Royal Charles Hall
2.1%
Royal George Hall
3%
These sculptures depicting the armies of Qin Shi Huang, the first Emperor of China, are discovered in Shaanxi province, China.
1974
Terracotta Army
87%
Mud Battalion
3.2%
Brick Infantry
1.8%
Earthen Soldiers
6.6%
At the pinnacle of the 1980s wrestling boom, a crowd of 93,173 watch Hulk Hogan beat this French professional wrestler and actor at WrestleMania III.
1987
André the Giant
85.7%
Tom LaRuffa
2.3%
The French Angel
3%
Édouard Carpentier
7.3%
The United Kingdom annexes this geographical and cultural region, which comprises the areas of eastern Pakistan and northern India today.
1849
Punjab
61.7%
Haryana
1.4%
West Bengal
23.3%
Mumbai
13.2%
The Malagasy Uprising against ______ colonial rule in Madagascar begins.
1947
French
48.2%
Italian
1.7%
Portuguese
26.9%
Dutch
22.1%
This American lawyer and politician, who became 10th President of the United States after the death of William Henry Harrison one month into his presidency, is born.
1790
John Tyler
47.6%
James K. Polk
16%
Zachary Taylor
24.2%
Millard Fillmore
12.1%

You're not logged in!

Compare scores with friends on all Sporcle quizzes.
OR
Log In

Sporcle TV

Today on Sporcle TV


Watch our educational content, quiz creation guides, and fun videos on Sporcle TV.

Show Comments

Extras

Top Quizzes Today


Score Distribution

Your Account Isn't Verified!

In order to create a playlist on Sporcle, you need to verify the email address you used during registration. Go to your Sporcle Settings to finish the process.

Report this User

Report this user for behavior that violates our Community Guidelines.

Details: